Derecho internacional público /
Guardado en:
| Autor Principal: | |
|---|---|
| Formato: | Libro |
| Idioma: | Spanish |
| Publicado: |
Buenos Aires :
Zavalía,
2008
|
| Edición: | 2a. ed. |
| Materias: | |
| Etiquetas: |
Agregar Etiqueta
Sin Etiquetas, Sea el primero en etiquetar este registro!
|
| LEADER | 00456nam a22001575a 4500 | ||
|---|---|---|---|
| 001 | DER.der006960 | ||
| 008 | 180615s2008####ag#||||||||||||||#||spa|| | ||
| 005 | 20250219135054.0 | ||
| 245 | 1 | 0 | |a Derecho internacional público / |c Julio Barboza |
| 250 | |a 2a. ed. | ||
| 260 | |a Buenos Aires : |b Zavalía, |c 2008 | ||
| 300 | |a 853 p. | ||
| 020 | |a 9789505727766 | ||
| 100 | 1 | |a Barboza, Julio | |
| 650 | 7 | |a DERECHO INTERNACIONAL PUBLICO | |
| 859 | |a DERECHO |b BIB. DERECHO |h 341 |i BAR |p 005732 | ||
